Interpret zum Song - Statistiken

Allgemein
  • Dieses Quiz wurde 125 mal gespielt
  • Das Durchschnittsergebnis liegt bei 7 aus 15
Antwortstatistiken
Hinweis Antwort % Korrekt
Der Kommissar Falco
89%
T.N.T AC/DC
81%
Ein Kompliment Sportfreunde Stiller
67%
Feel Good Inc. Gorillaz
63%
Hurra die Welt geht unter K.I.Z, Henning May
60%
The Bad Touch Bloodhound Gang
57%
Personal Jesus Depeche Mode
47%
Breaking the Habit Linkin Park
45%
Say It Right Nelly Furtado
36%
Kein Liebeslied Kraftklub
34%
Sky and Sand Paul Kalkbrenner, Fritz Kalkbrenner
30%
I Want to Know What Love Is Foreigner
28%
Why Does My Heart Feel so Bad Moby
22%
Supreme Robbie Williams
18%
Dancing in the Moonlight Toploader
16%
Keine übereinstimmenden Quizze gefunden
Verteilung der Resultate
Anzahl Personen mit jedem Resultat
Perzentil nach korrekt beantworteten Fragen
Ihre Resultats-Entwicklung
Sie haben dieses Quiz noch nicht gespielt